[Event "Basel Hilton op 11th"]
[Site "Basel"]
[Date "2009.01.02"]
[Round "2"]
[White "Melkumjanc, Nikolaj"]
[Black "Filipovic, Branko"]
[Result "1/2-1/2"]
[WhiteElo "2314"]
[BlackElo "2433"]
[PlyCount "130"]
[EventDate "2009.01.01"]
[EventType "swiss"]
[EventRounds "7"]
[EventCountry "SUI"]
[SourceTitle "CBM 128 Extra"]
[Source "ChessBase"]
[SourceDate "2009.03.05"]
[SourceVersion "2"]
[SourceVersionDate "2009.03.25"]
[SourceQuality "1"]

1. Nf3 b6 2. c4 e6 3. g3 Bb7 4. Bg2 f5 5. 0-0 Nf6 6. d4 g6 7. d5 Bg7 8. dxe6 dxe6 9. Qxd8+ Kxd8 10. Nc3 Kc8 11. Bf4 Ne4 12. Nxe4 Bxe4 13. Be5 Bxe5 14. Nxe5 Bxg2 15. Kxg2 Nd7 16. Nd3 e5 17. Rfd1 Re8 18. Rac1 c5 19. Ne1 Kc7 20. Nc2 Nf6 21. h3 Rad8 22. f3 h5 23. Kf2 Kc6 24. b4 Rxd1 25. b5+ Kc7 26. Rxd1 Re6 27. a4 Rd6 28. Rc1 Kb7 29. Ke1 Ne8 30. Rd1 Rxd1+ 31. Kxd1 Nd6 32. Na3 g5 33. Ke1 Kc7 34. Kf2 Kd7 35. e3 Ke6 36. Ke2 g4 37. hxg4 hxg4 38. Kf2 gxf3 39. Kxf3 Kf6 40. g4 Kg5 41. gxf5 Kxf5 42. Kf2 Kg4 43. Kg2 e4 44. Kf2 Kh3 45. Kf1 Kg3 46. Ke2 Kg2 47. Nb1 Nxc4 48. Nc3 Nd6 49. Nd5 Kg3 50. Ne7 Kg4 51. Nc6 Nc8 52. a5 bxa5 53. Nxa5 Nd6 54. Nb3 Nxb5 55. Nxc5 Kf5 56. Kd2 Ke5 57. Kc2 Kd5 58. Nd7 Kc4 59. Ne5+ Kb4 60. Nc6+ Kc5 61. Na5 Nd6 62. Kc3 Nb5+ 63. Kb3 Nc7 64. Nb7+ Kc6 65. Na5+ Kb5 1/2-1/2

[Event "Basel Hilton op 11th"]
[Site "Basel"]
[Date "2009.01.02"]
[Round "3"]
[White "Varga, Zoltan"]
[Black "Melkumjanc, Nikolaj"]
[Result "1-0"]
[WhiteElo "2488"]
[BlackElo "2314"]
[PlyCount "63"]
[EventDate "2009.01.01"]
[EventType "swiss"]
[EventRounds "7"]
[EventCountry "SUI"]
[SourceTitle "CBM 128 Extra"]
[Source "ChessBase"]
[SourceDate "2009.03.05"]
[SourceVersion "2"]
[SourceVersionDate "2009.03.25"]
[SourceQuality "1"]

1. e4 g6 2. d4 Bg7 3. c4 d6 4. Nc3 Nf6 5. Bg5 h6 6. Be3 0-0 7. f3 e5 8. Nge2 Na6 9. Qd2 exd4 10. Nxd4 Nc5 11. 0-0-0 Kh7 12. g4 Ng8 13. h4 Bd7 14. Qc2 Kh8 15. Be2 Qc8 16. g5 h5 17. f4 Re8 18. Rhg1 Ne7 19. f5 Be5 20. Bxh5 gxh5 21. Qe2 Kg7 22. Qxh5 Rh8 23. f6+ Kg8 24. Qf3 Nc6 25. Nd5 Bxd4 26. Bxd4 Ne6 27. Bc3 Kf8 28. g6 fxg6 29. Ne7 Qe8 30. Nxg6+ Kf7 31. Nxh8+ Qxh8 32. Rg7+ 1-0

[Event "Basel Hilton op 06th"]
[Site "Basel"]
[Date "2004.01.01"]
[Round "2"]
[White "Gallagher, Joseph G"]
[Black "Melkumjanc, Nikolaj"]
[Result "1-0"]
[WhiteElo "2524"]
[BlackElo "2319"]
[PlyCount "51"]
[EventDate "2004.01.01"]
[EventType "swiss"]
[EventRounds "7"]
[EventCountry "SUI"]
[SourceTitle "CBM 098 Extra"]
[Source "ChessBase"]
[SourceDate "2004.03.10"]
[SourceVersion "2"]
[SourceVersionDate "2004.03.10"]
[SourceQuality "1"]

1. e4 g6 2. d4 Bg7 3. Nc3 d6 4. Be3 c6 5. Qd2 f5 6. Nf3 fxe4 7. Nxe4 d5 8. Ng3 Nd7 9. Bd3 e5 10. dxe5 Nxe5 11. Nxe5 Bxe5 12. 0-0-0 Qf6 13. c3 Ne7 14. Rhe1 Qd6 15. Bc5 Qxc5 16. Rxe5 0-0 17. Qg5 Kf7 18. Ne4 dxe4 19. Rxc5 exd3 20. Rxd3 Bf5 21. Rf3 h6 22. Qxh6 Rh8 23. Qf4 b6 24. Re5 Nd5 25. Rxf5+ gxf5 26. Qxf5+ 1-0

[Event "SUI-chT"]
[Site "Switzerland"]
[Date "2003.09.07"]
[Round "7.5"]
[White "Melkumjanc, Nikolaj"]
[Black "Ballmann, Martin"]
[Result "0-1"]
[WhiteElo "2329"]
[BlackElo "2405"]
[PlyCount "102"]
[EventDate "2003.03.23"]
[EventType "team-tourn"]
[EventRounds "9"]
[EventCountry "SUI"]
[SourceTitle "EXT 2004"]
[Source "ChessBase"]
[SourceDate "2003.11.25"]
[SourceVersion "1"]
[SourceVersionDate "2003.11.25"]
[SourceQuality "1"]
[WhiteTeam "Riehen"]
[BlackTeam "Winterthur"]
[WhiteTeamCountry "SUI"]
[BlackTeamCountry "SUI"]

1. d4 Nf6 2. Nf3 g6 3. h3 Bg7 4. Nbd2 d5 5. e3 c6 6. Bd3 0-0 7. c3 Nbd7 8. 0-0 Re8 9. b3 b6 10. Bb2 Bb7 11. Qe2 c5 12. Rfd1 Qc7 13. c4 Rad8 14. Rac1 Qb8 15. a3 cxd4 16. exd4 Nh5 17. g3 Nc5 18. Nf1 Nxd3 19. Rxd3 dxc4 20. bxc4 Bxf3 21. Qxf3 e5 22. dxe5 Rxd3 23. Qxd3 Bxe5 24. Bxe5 Qxe5 25. Qc3 Qxc3 26. Rxc3 Nf6 27. Ne3 Rd8 28. Rc2 Rd3 29. Ra2 Ne4 30. Kg2 Nd6 31. a4 Rc3 32. a5 Nxc4 33. Nd5 Rd3 34. axb6 axb6 35. Ra8+ Kg7 36. Nc7 Kf6 37. Rb8 Rd7 38. Na8 Rd6 39. Nc7 Rc6 40. Nb5 h5 41. g4 hxg4 42. hxg4 Ke5 43. Kg3 Nd6 44. Na7 Rc7 45. f4+ Ke6 46. Ra8 b5 47. Kh4 f6 48. g5 Rc3 49. f5+ Nxf5+ 50. Kg4 Rg3+ 51. Kf4 fxg5+ 0-1

[Event "SUI-chT"]
[Site "Switzerland"]
[Date "2003.04.13"]
[Round "3.5"]
[White "Melkumjanc, Nikolaj"]
[Black "Adler, Joel Arturo Manuel"]
[Result "0-1"]
[WhiteElo "2306"]
[BlackElo "2318"]
[PlyCount "52"]
[EventDate "2003.03.23"]
[EventType "team-tourn"]
[EventRounds "9"]
[EventCountry "SUI"]
[SourceTitle "EXT 2004"]
[Source "ChessBase"]
[SourceDate "2003.11.25"]
[SourceVersion "1"]
[SourceVersionDate "2003.11.25"]
[SourceQuality "1"]
[WhiteTeam "Riehen"]
[BlackTeam "Bern"]
[WhiteTeamCountry "SUI"]
[BlackTeamCountry "SUI"]

1. c4 e5 2. Nc3 d6 3. Nf3 f5 4. d4 e4 5. Ng5 Be7 6. Nh3 c6 7. e3 Nf6 8. Nf4 0-0 9. h4 Na6 10. a3 Nc7 11. d5 Ng4 12. g3 c5 13. Be2 Ne5 14. b4 b6 15. Bb2 g6 16. Qb3 Bf6 17. 0-0-0 cxb4 18. axb4 Bd7 19. Kb1 Kg7 20. Rd2 Qe7 21. c5 bxc5 22. bxc5 Rfb8 23. Qa3 Nb5 24. Bxb5 Bxb5 25. Ne6+ Kg8 26. Qa5 Nc4 0-1

[Event "Zuerich op-A 27th"]
[Site "Zuerich"]
[Date "2003.??.??"]
[Round "2"]
[White "Fridman, Daniel"]
[Black "Melkumjanc, Nikolaj"]
[Result "1-0"]
[WhiteElo "2592"]
[BlackElo "2322"]
[PlyCount "109"]
[EventDate "2003.12.26"]
[EventType "swiss"]
[EventRounds "7"]
[EventCountry "SUI"]
[SourceTitle "CBM 097 Extra"]
[Source "ChessBase"]
[SourceDate "2004.01.13"]
[SourceVersion "1"]
[SourceVersionDate "2004.01.13"]
[SourceQuality "1"]

1. Nf3 g6 2. d4 Bg7 3. c4 d6 4. g3 c6 5. Bg2 Qb6 6. h3 f5 7. Nc3 Nf6 8. 0-0 Ne4 9. Qd3 Nxc3 10. bxc3 Qa6 11. Re1 d5 12. cxd5 cxd5 13. Nd2 e6 14. Qxa6 Nxa6 15. Ba3 Bd7 16. Rab1 Bc6 17. e3 Bf8 18. Bxf8 Rxf8 19. Nf3 Rf7 20. Ne5 Rc7 21. c4 0-0-0 22. Rec1 Nb8 23. Rb4 Be8 24. Rbb1 Bc6 25. h4 dxc4 26. Rxc4 Bxg2 27. Rxc7+ Kxc7 28. Kxg2 Rd5 29. Kf3 Nc6 30. Rc1 Kd6 31. Nxc6 bxc6 32. Rc4 Rb5 33. a4 Rb2 34. Rc5 h6 35. Ra5 Rb7 36. Ra6 Rc7 37. Kf4 Kd5 38. Ra5+ c5 39. dxc5 e5+ 40. Kf3 e4+ 41. Kf4 Rg7 42. Ra6 Kxc5 43. Ke5 Kb4 44. Kf6 Rd7 45. Kxg6 Kc3 46. Kxf5 Kd3 47. Rxh6 Rd5+ 48. Kf4 Ra5 49. Rd6+ Ke2 50. Rd4 Kxf2 51. Rd2+ Ke1 52. Ra2 Kd1 53. g4 Kc1 54. h5 Kb1 55. Rh2 1-0

[Event "Bad Zwesten op 5th"]
[Site "Bad Zwesten"]
[Date "2001.01.04"]
[Round "3"]
[White "Melkumjanc, Nikolaj"]
[Black "Vescovi, Giovanni P"]
[Result "0-1"]
[WhiteElo "2290"]
[BlackElo "2519"]
[PlyCount "104"]
[EventDate "2001.01.02"]
[EventType "swiss"]
[EventRounds "7"]
[EventCountry "GER"]
[SourceTitle "EXT 2002"]
[Source "ChessBase"]
[SourceDate "2001.11.25"]
[SourceVersion "1"]
[SourceVersionDate "2001.11.25"]
[SourceQuality "1"]

1. d4 Nf6 2. Nf3 e6 3. c4 b6 4. g3 Ba6 5. Nbd2 Bb7 6. Bg2 c5 7. 0-0 cxd4 8. Nxd4 Bxg2 9. Kxg2 Be7 10. e4 Nc6 11. Nxc6 dxc6 12. e5 Nd7 13. Nf3 b5 14. Qe2 Qb6 15. b3 0-0 16. Bb2 bxc4 17. Qxc4 Qb7 18. Qe4 Rfd8 19. Rfd1 Nb6 20. Rxd8+ Rxd8 21. Rc1 Rd5 22. Bd4 Qd7 23. Bxb6 axb6 24. Qa4 c5 25. Qxd7 Rxd7 26. Rc2 f6 27. h4 Rd5 28. Re2 Kf7 29. Nd2 Bd8 30. Nc4 Bc7 31. f4 fxe5 32. fxe5 Ke7 33. Kf3 Kd7 34. a4 Kc6 35. h5 Bd8 36. Rd2 Rxd2 37. Nxd2 Kd5 38. Kf4 Kd4 39. Ne4 Be7 40. g4 Kd3 41. g5 Kc2 42. Nf6 Kxb3 43. Nxh7 c4 44. h6 gxh6 45. g6 c3 46. g7 c2 47. g8Q c1Q+ 48. Ke4 Qc4+ 49. Ke3 Bc5+ 50. Kd2 Qc2+ 51. Ke1 Qf2+ 52. Kd1 Qf3+ 0-1

[Event "Oberliga NRW 0001 I"]
[Site "NRW"]
[Date "2000.11.19"]
[Round "3.4"]
[White "Melkumjanc, Nikolaj"]
[Black "Gikas, Andreas Basilius"]
[Result "0-1"]
[WhiteElo "2279"]
[BlackElo "2195"]
[PlyCount "70"]
[EventDate "2000.09.24"]
[EventType "team-tourn"]
[EventRounds "9"]
[EventCountry "GER"]
[SourceTitle "EXT 2006"]
[Source "ChessBase"]
[SourceDate "2005.11.24"]
[SourceVersion "1"]
[SourceVersionDate "2005.11.24"]
[SourceQuality "1"]
[WhiteTeam "Betzdorf Kirchen"]
[BlackTeam "Godesberg II"]
[WhiteTeamCountry "GER"]
[BlackTeamCountry "GER"]

1. Nf3 d5 2. d4 c6 3. e3 Nf6 4. c4 Bg4 5. Qb3 Qb6 6. Ne5 Bf5 7. Nd2 e6 8. Be2 Nbd7 9. g4 Qxb3 10. axb3 Bc2 11. Nxd7 Nxd7 12. c5 a6 13. f4 Be7 14. b4 0-0-0 15. h4 Nf6 16. Ra3 Ne4 17. Nf1 h6 18. Rh2 Bb1 19. Kd1 Nf6 20. g5 hxg5 21. hxg5 Nd7 22. Ra1 Bg6 23. Rg2 Rh1 24. Bd2 Rdh8 25. Be1 Be4 26. Rg4 Bf5 27. Rg2 Bh3 28. Rh2 Rxh2 29. Nxh2 Bg2 30. Ng4 f6 31. gxf6 gxf6 32. Kd2 f5 33. Ne5 Nxe5 34. dxe5 Rh1 35. Rc1 Be4 0-1

[Event "Essen op"]
[Site "Essen"]
[Date "2000.??.??"]
[Round "6"]
[White "Melkumjanc, Nikolaj"]
[Black "Jugelt, Tobias"]
[Result "0-1"]
[WhiteElo "2300"]
[BlackElo "2386"]
[PlyCount "60"]
[EventDate "2000.??.??"]
[EventType "swiss"]
[EventRounds "9"]
[EventCountry "GER"]
[SourceTitle "EXT 2001"]
[Source "ChessBase"]
[SourceDate "2000.11.22"]
[SourceVersion "1"]
[SourceVersionDate "2000.11.22"]
[SourceQuality "1"]

1. d4 Nf6 2. Nf3 d5 3. c4 c6 4. Nbd2 Bf5 5. Qb3 Qb6 6. Qxb6 axb6 7. cxd5 cxd5 8. e3 Nc6 9. Bb5 e6 10. Ne5 Rc8 11. f3 Bd6 12. g4 Bc2 13. h3 Ke7 14. f4 Ne4 15. a3 f6 16. Nef3 h5 17. g5 fxg5 18. Nxg5 Nxg5 19. fxg5 Bg3+ 20. Ke2 Rhf8 21. Rf1 Bf5 22. Rh1 Bg6 23. Rf1 h4 24. Kd1 Na7 25. Rxf8 Bc2+ 26. Ke2 Rxf8 27. a4 Rf2+ 28. Ke1 Nxb5 29. axb5 Bd3 30. Kd1 Rh2 0-1

[Event "Oberliga Nord O 9798"]
[Site "Germany"]
[Date "1998.??.??"]
[Round "?"]
[White "Mueller, Michael1"]
[Black "Melkumjanc, Nikolaj"]
[Result "0-1"]
[WhiteElo "2330"]
[BlackElo "2270"]
[PlyCount "148"]
[EventDate "1997.10.??"]
[EventType "team-tourn"]
[EventRounds "9"]
[EventCountry "GER"]
[SourceTitle "EXT 1999"]
[Source "ChessBase"]
[SourceDate "1998.11.16"]
[SourceVersion "1"]
[SourceVersionDate "1998.11.16"]
[SourceQuality "1"]

1. d4 Nf6 2. c4 g6 3. Nc3 Bg7 4. e4 d6 5. f3 0-0 6. Bg5 c5 7. d5 e6 8. Qd2 exd5 9. cxd5 a6 10. a4 Qa5 11. Ra3 Re8 12. Nge2 Nbd7 13. Nc1 Qd8 14. Be2 h6 15. Be3 Ne5 16. 0-0 Kh7 17. Nd1 b6 18. b4 a5 19. bxc5 bxc5 20. Nc3 Ng8 21. Nb5 f5 22. exf5 Bxf5 23. g4 Bc8 24. h3 Bb7 25. f4 Nf7 26. Bf3 Ba6 27. Ne2 Bxb5 28. axb5 Qb6 29. Rb1 Nf6 30. Ng3 a4 31. h4 Ra5 32. g5 hxg5 33. hxg5 Nd7 34. Bg4 Nf8 35. Be6 Nxe6 36. dxe6 Rxe6 37. Qd5 Nd8 38. Kf2 Rxb5 39. Rh1+ Kg8 40. Rxa4 Rb2+ 41. Kg1 Qc6 42. Qxc6 Nxc6 43. Bf2 Bd4 44. Ra8+ Kg7 45. Bxd4+ cxd4 46. Rah8 Re1+ 47. Nf1 Rxf1+ 48. Kxf1 Kf7 49. R1h2 Rb1+ 50. Ke2 Ke6 51. Kf3 Kd5 52. Rg8 Rb3+ 53. Kg4 Ne7 54. Rg7 Re3 55. f5 Re4+ 56. Kf3 Nxf5 57. Rxg6 Nh4+ 58. Rxh4 Rxh4 59. Rf6 Ke5 60. Rh6 Rf4+ 61. Ke2 Rg4 62. Rg6 Ke4 63. Re6+ Kd5 64. Rg6 Rg2+ 65. Kd3 Rg3+ 66. Kd2 Kc4 67. Rg8 Rg2+ 68. Ke1 d3 69. Rc8+ Kd4 70. Rc6 Ke3 71. Kf1 Rf2+ 72. Kg1 Rc2 73. Rxd6 Rc1+ 74. Kg2 d2 0-1